Pin the Flag - South America - Statistics

General Stats
  • This quiz has been taken 126,207 times
  • The average score is 10 of 14
Answers on the Map
Answers color-coded by a green-red scale on the quiz's map according to % correct below.
 
Answer Stats
Answer % Correct
Brazil
97%
Argentina
89%
Chile
83%
Peru
74%
Uruguay
73%
Colombia
70%
French Guiana
69%
Venezuela
69%
Falkland Islands (UK)
67%
Ecuador
65%
Paraguay
64%
Bolivia
63%
Guyana
53%
Suriname
50%
No matching quizzes found
Score Distribution
Percent of People with Each Score
Percentile by Number Answered
Your Score History
You have not taken this quiz